00383nam a2200145Ia 4500008004100000020002200041041000800063082001100071100002000082260005100102245003800153250000600191300000800197650003200205220805s9999 xx 000 0 und d a978-81-7314-089-1 aeng a153.43 aBoden, Angelena aNew DelhibResearch Press Buisness Booksc2001 aThe problem behaviour pocket book a1 a105 aPshchology -problem sloving